01027nab a2200241uuc4500001000800000005001700008008004100025035001200066035002100078040001300099041000800112100006400120245018600184650005000370650003500420650004300455650003600498650004000534650004600574773013600620942001000756999001900766112178220240216091843.0090130e20070702 spa  a1121782 a(OCoLC)820451909 ccomduadb aspa10aSanchez García de las Bayonas, Salvador4auteaut956790610aRepercusion de la publicación cientifica electronica de acceso abierto en los presupuestos y en el acceso a la informacion cientifica en las bibliotecas universitarias españolas aBibliotecas universitarias - España9121747 7aAcceso abierto2armarc9150109 aLiteratura cientifica y tecnica953073 aInformación en línea925257 aPublicaciones electrónicas954022 aBibliotecas academicas - Servicios9485050 tRevista Española de Documentación Científica (Madrid)gVol. 30, No. 03, Jul.-Sep. 2007, p. 323-342w492062x0210-06140124355 cARIMP c485266d485266